[Event "FIN-ch Seniors 50"]
[Site "Helsinki"]
[Date "2020.09.25"]
[Round "2"]
[White "Piho, Juha"]
[Black "Salmenkivi, Eero"]
[Result "0-1"]
[WhiteElo "1915"]
[BlackElo "2053"]
[PlyCount "66"]
[EventDate "2020.09.24"]
[EventType "tourn"]
[EventRounds "7"]
[EventCountry "FIN"]
[SourceTitle "CBM 198 Extra"]
[Source "ChessBase"]
[SourceDate "2020.11.30"]
[SourceVersion "1"]
[SourceVersionDate "2020.11.30"]
[SourceQuality "1"]

1. e4 c5 2. Nf3 Nc6 3. d4 cxd4 4. Nxd4 g6 5. c4 Bg7 6. Be3 Nf6 7. Nxc6 bxc6 8. Nc3 d6 9. Be2 0-0 10. 0-0 Qc7 11. f4 Ne8 12. f5 Nf6 13. Qd2 Nd7 14. Rad1 Ne5 15. Kh1 Bd7 16. Bh6 f6 17. Bxg7 Kxg7 18. Qf4 Qb6 19. b3 Qb4 20. Qg3 Be8 21. Rc1 Bf7 22. Rc2 g5 23. Nd1 a5 24. Nf2 a4 25. h4 h6 26. Nh3 axb3 27. axb3 Rg8 28. hxg5 hxg5 29. Nxg5 fxg5 30. Qxg5+ Kf8 31. Qh6+ Ke8 32. f6 Kd7 33. Qf4 Qc5 0-1

[Event "Salo SK WE"]
[Site "Salo"]
[Date "2020.02.15"]
[Round "2"]
[White "Piho, Juha"]
[Black "Kauko, Pekka"]
[Result "1/2-1/2"]
[WhiteElo "1955"]
[BlackElo "1903"]
[PlyCount "149"]
[EventDate "2020.02.14"]
[EventType "swiss"]
[EventRounds "5"]
[EventCountry "FIN"]
[SourceTitle "EXT 2021"]
[Source "ChessBase"]
[SourceDate "2020.10.23"]
[SourceVersion "1"]
[SourceVersionDate "2020.10.23"]
[SourceQuality "1"]

1. e4 g6 2. d4 Bg7 3. Nf3 d6 4. Nc3 c6 5. Be2 Nf6 6. h3 0-0 7. 0-0 Nfd7 8. Be3 Na6 9. Qd2 Re8 10. Rad1 Qb6 11. Rb1 Nf8 12. b4 Qd8 13. Rfd1 Nc7 14. d5 Bd7 15. Nh2 Nb5 16. Nxb5 cxb5 17. Ng4 Bxg4 18. hxg4 a6 19. Bd4 f6 20. Rb3 Nd7 21. Rh3 Rc8 22. f4 Nf8 23. g5 Qd7 24. Rg3 e5 25. fxe5 dxe5 26. gxf6 exd4 27. fxg7 Qxg7 28. Qxd4 Rxc2 29. Re3 Nd7 30. Qxg7+ Kxg7 31. Bf3 Rc4 32. a3 Ne5 33. d6 Rd8 34. Rd5 Kf6 35. Re1 Rc6 36. Red1 Ke6 37. d7 Rc7 38. Rd6+ Ke7 39. R1d5 Rcxd7 40. Rb6 Rxd5 41. exd5 Nxf3+ 42. gxf3 Rxd5 43. Rxb7+ Rd7 44. Rb6 Ra7 45. Kf2 Kf7 46. Ke3 Kg7 47. Kf2 h5 48. Kg3 Kh6 49. f4 Kg7 50. Rc6 a5 51. Rb6 axb4 52. axb4 Ra3+ 53. Kg2 h4 54. f5 gxf5 55. Rxb5 Kf6 56. Rb8 Kg5 57. Rg8+ Kf4 58. Rh8 Ra2+ 59. Kh3 Kf3 60. Rxh4 f4 61. Rh8 Ra1 62. Kh2 Rb1 63. Rc8 Rxb4 64. Rc3+ Kg4 65. Kg2 Rb2+ 66. Kf1 Ra2 67. Rb3 Rc2 68. Ra3 Rh2 69. Rb3 Rc2 70. Ra3 Rc4 71. Rb3 f3 72. Rb8 Kg3 73. Rg8+ Rg4 74. Rxg4+ Kxg4 75. Kf2 1/2-1/2

[Event "Helsinki Ristoja 70 Years"]
[Site "Helsinki"]
[Date "2019.11.16"]
[Round "2"]
[White "Piho, Juha"]
[Black "Lehtinen, Helja"]
[Result "0-1"]
[WhiteElo "1903"]
[BlackElo "1826"]
[PlyCount "68"]
[EventDate "2019.11.15"]
[EventType "swiss"]
[EventRounds "5"]
[EventCountry "FIN"]
[SourceTitle "EXT 2021"]
[Source "ChessBase"]
[SourceDate "2020.10.23"]
[SourceVersion "1"]
[SourceVersionDate "2020.10.23"]
[SourceQuality "1"]

1. e4 c5 2. Nf3 e6 3. d4 cxd4 4. Nxd4 Nf6 5. Nc3 Nc6 6. g3 Bb4 7. Bg2 d5 8. Nxc6 bxc6 9. 0-0 Ba6 10. Re1 Bxc3 11. bxc3 0-0 12. e5 Nd7 13. Qg4 Kh8 14. Bg5 Qe8 15. Rad1 c5 16. h4 Nb6 17. h5 Qa4 18. Qf3 h6 19. Be7 Rfc8 20. g4 Qd7 21. Bh4 Rg8 22. g5 Qa4 23. Qg3 Qxc2 24. Kh2 Nd7 25. Bh3 Be2 26. Rc1 Qxa2 27. Qf4 Qc4 28. Qe3 Qxh4 29. Rxe2 Qxg5 30. f4 Qxh5 31. Rg2 Qh4 32. Rg4 Qe7 33. Rcg1 Rab8 34. f5 exf5 0-1

[Event "FIN-ch Seniors 50"]
[Site "Helsinki"]
[Date "2019.06.16"]
[Round "5"]
[White "Pietinen, Pekka"]
[Black "Piho, Juha"]
[Result "0-1"]
[WhiteElo "2009"]
[BlackElo "1883"]
[PlyCount "62"]
[EventDate "2019.06.14"]
[EventType "swiss"]
[EventRounds "5"]
[EventCountry "FIN"]
[SourceTitle "CBM 192 Extra"]
[Source "Chessbase"]
[SourceDate "2019.11.06"]
[SourceVersion "1"]
[SourceVersionDate "2019.11.06"]
[SourceQuality "1"]

1. e4 c5 2. Nf3 d6 3. d4 cxd4 4. Nxd4 Nf6 5. f3 g6 6. c4 Bg7 7. Nc3 0-0 8. Be3 Nc6 9. Qd2 Nxd4 10. Bxd4 Be6 11. Nd5 Nxd5 12. cxd5 Bxd4 13. Qxd4 Bd7 14. Bd3 Qa5+ 15. Ke2 Rac8 16. a3 f5 17. e5 Bb5 18. Rhc1 Bxd3+ 19. Kxd3 Qb5+ 20. Kd2 b6 21. f4 Rc5 22. Rxc5 bxc5 23. Qc3 c4 24. Qd4 Rc8 25. exd6 c3+ 26. Ke3 exd6 27. bxc3 Re8+ 28. Kf3 Qe2+ 29. Kg3 Qg4+ 30. Kf2 Re2+ 31. Kf1 Qxg2# 0-1

[Event "FIN-ch Seniors 50"]
[Site "Helsinki"]
[Date "2019.06.15"]
[Round "3"]
[White "Kekki, Jorma J"]
[Black "Piho, Juha"]
[Result "0-1"]
[WhiteElo "2011"]
[BlackElo "1883"]
[PlyCount "86"]
[EventDate "2019.06.14"]
[EventType "swiss"]
[EventRounds "5"]
[EventCountry "FIN"]
[SourceTitle "CBM 192 Extra"]
[Source "Chessbase"]
[SourceDate "2019.11.06"]
[SourceVersion "1"]
[SourceVersionDate "2019.11.06"]
[SourceQuality "1"]

1. Nf3 Nf6 2. b3 d5 3. Bb2 c5 4. e3 Bg4 5. Be2 Nc6 6. d4 e6 7. 0-0 Be7 8. dxc5 Bxc5 9. Nbd2 0-0 10. c4 Rc8 11. Ne5 Bxe2 12. Qxe2 d4 13. Nxc6 Rxc6 14. exd4 Bxd4 15. Bxd4 Qxd4 16. Nf3 Qb6 17. Rfd1 Rd8 18. Rxd8+ Qxd8 19. Rd1 Rd6 20. Rxd6 Qxd6 21. Qd2 Qxd2 22. Nxd2 Kf8 23. Kf1 Ke7 24. Ke2 Kd6 25. a3 Ke5 26. Kd3 h6 27. b4 g5 28. c5 Kd5 29. f3 Nd7 30. Nc4 f5 31. Ne3+ Ke5 32. a4 f4 33. Ng4+ Kd5 34. Nxh6 a5 35. bxa5 Nxc5+ 36. Kc2 e5 37. Nf7 Ne6 38. Kc3 g4 39. fxg4 e4 40. Kd2 e3+ 41. Ke1 Ke4 42. Nd6+ Kd3 43. g5 Nd4 0-1

[Event "FIN-chT2 Gp2 1819"]
[Site "Finland"]
[Date "2019.01.12"]
[Round "6.2"]
[White "Piho, Juha"]
[Black "Sillanpaa, Jyrki"]
[Result "1-0"]
[WhiteElo "1849"]
[BlackElo "1559"]
[PlyCount "105"]
[EventDate "2018.09.15"]
[EventType "team-tourn"]
[EventRounds "6"]
[EventCountry "FIN"]
[SourceTitle "EXT 2020"]
[Source "ChessBase"]
[SourceDate "2019.10.17"]
[SourceVersion "1"]
[SourceVersionDate "2019.10.17"]
[SourceQuality "1"]
[WhiteTeam "Hyvinkaa SK"]
[BlackTeam "Tampere Tammer IV"]
[WhiteTeamCountry "FIN"]
[BlackTeamCountry "FIN"]

1. e4 b6 2. Nf3 Bb7 3. Bc4 Nf6 4. e5 Nd5 5. 0-0 g6 6. d4 Bg7 7. h4 e6 8. Bg5 Ne7 9. Nc3 h6 10. Bf4 Nf5 11. Bg3 0-0 12. Qe2 Bxf3 13. Qxf3 Nc6 14. Ne2 Nxh4 15. Qe4 Nf5 16. Rad1 Nce7 17. Bf4 d5 18. exd6 Nxd6 19. Qd3 Nxc4 20. Qxc4 Nd5 21. Bg3 Qe7 22. a3 c5 23. Rfe1 Rac8 24. Qb5 cxd4 25. Nxd4 Rc5 26. Qb3 Qb7 27. Bd6 Rfc8 28. Bxc5 Rxc5 29. Qf3 Bxd4 30. Rxd4 Rxc2 31. b4 Qc7 32. Qe4 Rc1 33. Rdd1 Rc3 34. Rd3 Rxd3 35. Qxd3 Qc3 36. Qxc3 Nxc3 37. Kf1 Kf8 38. Rc1 Nd5 39. b5 Ke7 40. Rc8 Kd6 41. Ra8 Nc7 42. Rxa7 Nxb5 43. Ra8 e5 44. a4 Nc3 45. Ke1 h5 46. Kd2 Nd5 47. Rd8+ Ke6 48. g3 f6 49. Kd3 f5 50. Kc4 Ne7 51. Rb8 Nd5 52. Re8+ Kd6 53. Rd8+ 1-0

[Event "FIN-chT2 Gp2 1819"]
[Site "Finland"]
[Date "2018.09.15"]
[Round "1.2"]
[White "Bederdin, Lauri"]
[Black "Piho, Juha"]
[Result "1-0"]
[WhiteElo "2030"]
[BlackElo "1849"]
[PlyCount "73"]
[EventDate "2018.09.15"]
[EventType "team-tourn"]
[EventRounds "6"]
[EventCountry "FIN"]
[SourceTitle "EXT 2020"]
[Source "ChessBase"]
[SourceDate "2019.10.17"]
[SourceVersion "1"]
[SourceVersionDate "2019.10.17"]
[SourceQuality "1"]
[WhiteTeam "Jarvenpaa SK"]
[BlackTeam "Hyvinkaa SK"]
[WhiteTeamCountry "FIN"]
[BlackTeamCountry "FIN"]

1. Nf3 e6 2. d4 Nf6 3. g3 b6 4. Bg2 Bb7 5. 0-0 d5 6. b3 Nbd7 7. Bb2 Be7 8. Nbd2 0-0 9. c4 Rc8 10. Rc1 c5 11. e3 Re8 12. Re1 h6 13. Ne5 Nxe5 14. dxe5 Nd7 15. Qg4 Nf8 16. e4 d4 17. f4 Qc7 18. Bf1 Rcd8 19. Bd3 Qc6 20. h4 f6 21. exf6 Bxf6 22. Qh3 e5 23. f5 Bc8 24. g4 g6 25. Nf3 Bg7 26. Qg2 Rd6 27. Rc2 gxf5 28. gxf5 Bxf5 29. exf5 e4 30. Nxd4 cxd4 31. Rxe4 Kh8 32. Rce2 Rxe4 33. Bxe4 Qc5 34. Kh1 Bf6 35. Bd5 Bg7 36. Re4 Qc8 37. Bxd4 1-0

[Event "Hameenlinna We HamSK"]
[Site "Hameenlinna"]
[Date "2018.06.09"]
[Round "2"]
[White "Hokkanen, Petri"]
[Black "Piho, Juha"]
[Result "1-0"]
[WhiteElo "2273"]
[BlackElo "1898"]
[PlyCount "39"]
[EventDate "2018.06.21"]
[EventType "swiss"]
[EventRounds "4"]
[EventCountry "FIN"]
[SourceTitle "EXT 2022"]
[Source "ChessBase"]
[SourceDate "2021.10.06"]
[SourceVersion "1"]
[SourceVersionDate "2021.10.06"]
[SourceQuality "1"]

1. e4 d6 2. d4 Nf6 3. Nc3 Nbd7 4. Nf3 e5 5. Bc4 Be7 6. 0-0 0-0 7. a4 c6 8. Ba2 Qc7 9. h3 exd4 10. Nxd4 Nc5 11. Qf3 Bd7 12. Bg5 Ne6 13. Be3 Nxd4 14. Bxd4 Be6 15. Bb3 Bxb3 16. cxb3 Nd7 17. Rad1 Ne5 18. Qg3 Rac8 19. f4 Ng6 20. f5 1-0

[Event "Hameenlinna We HamSK"]
[Site "Hameenlinna"]
[Date "2017.06.11"]
[Round "4"]
[White "Piho, Juha"]
[Black "Koykka, Pekka"]
[Result "0-1"]
[WhiteElo "1888"]
[BlackElo "2351"]
[PlyCount "60"]
[EventDate "2017.06.10"]
[EventType "swiss"]
[EventRounds "5"]
[EventCountry "FIN"]
[SourceTitle "EXT 2022"]
[Source "ChessBase"]
[SourceDate "2021.10.06"]
[SourceVersion "1"]
[SourceVersionDate "2021.10.06"]
[SourceQuality "1"]

1. e4 Nc6 2. Nf3 d6 3. d4 Nf6 4. Nc3 Bg4 5. Be2 e6 6. Be3 Be7 7. h3 Bxf3 8. Bxf3 0-0 9. Qd2 Nd7 10. 0-0 Bf6 11. Ne2 Ne7 12. c3 Ng6 13. Ng3 Nb6 14. Be2 d5 15. e5 Bh4 16. b3 Nd7 17. Nh5 Be7 18. g3 f6 19. f4 Nh8 20. f5 fxe5 21. fxe6 Rxf1+ 22. Rxf1 Nf8 23. dxe5 Nhg6 24. Bg4 Nxe5 25. Rf7 Nxf7 26. exf7+ Kxf7 27. Bd4 Bg5 28. Qf2+ Kg8 29. Nxg7 c5 30. Ne6 cxd4 0-1

[Event "Hameenlinna We HamSK"]
[Site "Hameenlinna"]
[Date "2017.06.10"]
[Round "3"]
[White "Luukkonen, Tommi"]
[Black "Piho, Juha"]
[Result "0-1"]
[WhiteElo "2336"]
[BlackElo "1888"]
[PlyCount "100"]
[EventDate "2017.06.10"]
[EventType "swiss"]
[EventRounds "5"]
[EventCountry "FIN"]
[SourceTitle "EXT 2022"]
[Source "ChessBase"]
[SourceDate "2021.10.06"]
[SourceVersion "1"]
[SourceVersionDate "2021.10.06"]
[SourceQuality "1"]

1. e4 c5 2. Nf3 d6 3. d4 cxd4 4. Nxd4 Nf6 5. Nc3 g6 6. Be3 Bg7 7. f3 0-0 8. Qd2 Nc6 9. g4 Nxd4 10. Bxd4 Be6 11. h4 Qa5 12. h5 Rfc8 13. Bh3 Rc4 14. hxg6 Rxd4 15. Qxd4 Nd5 16. gxh7+ Kh8 17. Qd3 Nxc3 18. bxc3 Bxc3+ 19. Kf2 Bxa1 20. Rxa1 Qe5 21. c3 Rc8 22. Rc1 Bxa2 23. Qe3 Be6 24. f4 Qc5 25. f5 Bd7 26. Qxc5 Rxc5 27. g5 Kxh7 28. Kg3 Bc6 29. Kf4 Rc4 30. Bg2 Kg7 31. Ke3 b5 32. Kd3 a6 33. Ra1 Bb7 34. Bf3 Bc8 35. g6 fxg6 36. Rg1 a5 37. Rxg6+ Kh7 38. Be2 Rc5 39. Kd4 e5+ 40. Kd3 d5 41. Rb6 a4 42. Bf3 a3 43. Rb8 Rc6 44. Kc2 d4 45. Bd1 Rxc3+ 46. Kb1 Rc5 47. Ra8 b4 48. Ra7+ Kh6 49. f6 Be6 50. Ra6 Bf7 0-1

[Event "Helsinki We HSK 130"]
[Site "Helsinki"]
[Date "2016.08.28"]
[Round "4"]
[White "Kugappi, Tomi"]
[Black "Piho, Juha"]
[Result "1/2-1/2"]
[WhiteElo "2029"]
[BlackElo "1888"]
[PlyCount "27"]
[EventDate "2016.08.26"]
[EventType "swiss"]
[EventRounds "5"]
[EventCountry "FIN"]
[SourceTitle "EXT 2022"]
[Source "ChessBase"]
[SourceDate "2021.10.06"]
[SourceVersion "1"]
[SourceVersionDate "2021.10.06"]
[SourceQuality "1"]

1. e4 c5 2. Nc3 e6 3. g3 d5 4. exd5 exd5 5. d4 cxd4 6. Qxd4 Nf6 7. Bg5 Nc6 8. Bb5 Be7 9. 0-0-0 Be6 10. Nge2 0-0 11. Qd2 a6 12. Bxc6 bxc6 13. Nd4 Bd7 14. Nb3 1/2-1/2

[Event "Tampere We TammerSh A"]
[Site "Tampere"]
[Date "2016.04.02"]
[Round "2"]
[White "Jarvenpaa, Jari"]
[Black "Piho, Juha"]
[Result "1-0"]
[WhiteElo "2295"]
[BlackElo "1888"]
[PlyCount "51"]
[EventDate "2016.04.01"]
[EventType "swiss"]
[EventRounds "5"]
[EventCountry "FIN"]
[SourceTitle "EXT 2022"]
[Source "ChessBase"]
[SourceDate "2021.10.06"]
[SourceVersion "1"]
[SourceVersionDate "2021.10.06"]
[SourceQuality "1"]

1. c4 f5 2. Nc3 Nf6 3. d4 e6 4. g3 c6 5. Bg2 d5 6. Nh3 Bd6 7. Qd3 Ne4 8. 0-0 0-0 9. f3 Nxc3 10. Qxc3 Nd7 11. Bf4 Qe7 12. e4 Bb4 13. Qb3 dxc4 14. Qxc4 Nb6 15. Qb3 fxe4 16. fxe4 Bd7 17. a3 Bd6 18. a4 Bxf4 19. Nxf4 Qd6 20. Rfd1 c5 21. a5 Nc8 22. e5 Qc7 23. Nxe6 Bxe6 24. Qxe6+ Kh8 25. d5 c4 26. d6 1-0

[Event "Jarvenpaa We JarvSK"]
[Site "Jarvenpaa"]
[Date "2014.09.21"]
[Round "5"]
[White "Sipila, Markku"]
[Black "Piho, Juha"]
[Result "1-0"]
[WhiteElo "2002"]
[BlackElo "1881"]
[PlyCount "129"]
[EventDate "2014.09.20"]
[EventType "swiss"]
[EventRounds "5"]
[EventCountry "FIN"]
[SourceTitle "EXT 2022"]
[Source "ChessBase"]
[SourceDate "2021.10.06"]
[SourceVersion "1"]
[SourceVersionDate "2021.10.06"]
[SourceQuality "1"]

1. d4 Nf6 2. c4 g6 3. Nc3 Bg7 4. e4 d6 5. Be2 0-0 6. Bg5 c5 7. d5 Qa5 8. Qd2 Nbd7 9. f3 a6 10. Nh3 Ne5 11. Nf2 Rb8 12. f4 Ned7 13. a4 h6 14. Bh4 Re8 15. Bg3 h5 16. 0-0 Bh6 17. Qd3 Nf8 18. h3 h4 19. Bh2 Qb6 20. Ng4 Nxg4 21. hxg4 Bg7 22. e5 Nd7 23. e6 Nf8 24. exf7+ Kxf7 25. Rab1 Kg8 26. Bf3 Qb4 27. Ne2 b5 28. b3 Bd7 29. axb5 axb5 30. g5 Qa3 31. cxb5 Bxb5 32. Qc2 Qb4 33. f5 Rec8 34. fxg6 Be8 35. Bh5 h3 36. Bg3 hxg2 37. Kxg2 Qb7 38. Nf4 e5 39. Ne2 Qxd5+ 40. Bf3 Qe6 41. Nc3 Nxg6 42. Bd5 Bc6 43. Qe4 Bxd5 44. Nxd5 Ne7 45. Nxe7+ Qxe7 46. Qd5+ Kh7 47. Rf7 Qxg5 48. Rh1+ Kg6 49. Qe6+ Bf6 50. Rxf6+ Qxf6 51. Rh6+ Kxh6 52. Qxf6+ Kh7 53. Qxd6 Rb7 54. Bxe5 Rg8+ 55. Kf2 Rf7+ 56. Ke3 Re8 57. Kd3 Rfe7 58. Bf4 Re6 59. Qxc5 Rd8+ 60. Kc3 Rde8 61. b4 Kg6 62. b5 Rf6 63. Qg5+ Kf7 64. Be5 Rg6 65. Qf5+ 1-0

[Event "Helsinki We EtVaS 40 Group A"]
[Site "Helsinki"]
[Date "2014.05.17"]
[Round "2"]
[White "Kunnas, Erkki"]
[Black "Piho, Juha"]
[Result "1-0"]
[WhiteElo "1900"]
[BlackElo "1881"]
[PlyCount "55"]
[EventDate "2014.05.16"]
[EventType "swiss"]
[EventRounds "5"]
[EventCountry "FIN"]
[SourceTitle "EXT 2022"]
[Source "ChessBase"]
[SourceDate "2021.10.06"]
[SourceVersion "1"]
[SourceVersionDate "2021.10.06"]
[SourceQuality "1"]

1. e4 d5 2. exd5 c6 3. dxc6 Nxc6 4. Nf3 e5 5. Nc3 Nf6 6. Bb5 Bd6 7. d4 exd4 8. Nxd4 0-0 9. Nxc6 bxc6 10. Bxc6 Rb8 11. Nb5 Rxb5 12. Bxb5 Qa5+ 13. c3 Qxb5 14. Qe2 Re8 15. Be3 Qd5 16. Qd2 Qxd2+ 17. Kxd2 Ne4+ 18. Ke2 Ba6+ 19. Kd1 Nc5 20. Kc2 Bd3+ 21. Kd2 Rd8 22. b4 Bc4 23. bxc5 Bxc5+ 24. Bd4 f6 25. Kc2 Bxd4 26. cxd4 Rxd4 27. Kc3 Rf4 28. g3 1-0

[Event "Helsinki We EtVaS 40 Group A"]
[Site "Helsinki"]
[Date "2014.05.16"]
[Round "1"]
[White "Piho, Juha"]
[Black "Keinanen, Toivo"]
[Result "0-1"]
[WhiteElo "1881"]
[BlackElo "1670"]
[PlyCount "78"]
[EventDate "2014.05.16"]
[EventType "swiss"]
[EventRounds "5"]
[EventCountry "FIN"]
[SourceTitle "EXT 2022"]
[Source "ChessBase"]
[SourceDate "2021.10.06"]
[SourceVersion "1"]
[SourceVersionDate "2021.10.06"]
[SourceQuality "1"]

1. e4 c6 2. Nc3 d5 3. Nf3 dxe4 4. Nxe4 Nf6 5. Nxf6+ gxf6 6. d4 Bf5 7. Bd3 e6 8. 0-0 Bg6 9. c4 Qc7 10. a3 Bd6 11. Re1 Nd7 12. c5 Bf4 13. b4 a6 14. a4 Rd8 15. Qc2 0-0 16. h4 f5 17. Bb2 Nf6 18. b5 axb5 19. axb5 Nd5 20. Qb3 Ra8 21. b6 Qe7 22. g3 Bh6 23. Bc4 Qf6 24. Ra7 Rab8 25. Ne5 Rfd8 26. Qf3 Bg7 27. Bxd5 Rxd5 28. h5 Qg5 29. hxg6 hxg6 30. Qe3 Qd8 31. Kg2 Bxe5 32. dxe5 Rd3 33. Qc1 Qd5+ 34. Kg1 Kg7 35. Ra4 Rh8 36. Rh4 Rxh4 37. gxh4 Rh3 38. Kf1 Qd3+ 39. Kg1 Qf3 0-1